Pokémon 7ème génération - Mort Subite - Statistiques

Statistiques générales
  • Ce quiz a été pris 340 fois
    27 depuis la dernière actualisation
  • Le résultat moyen est 15 sur 20
Answers on the Grid
Answers color-coded by a green-red scale on the quiz's grid according to % correct below.
Flamiaou
Archéduc
Piclairon
Lucanon
Crabagarre
Lougaroc
Bourrinos
Floramantis
Spododo
Malamandre
Chelours
Sucreine
Sovkipou
Bacabouh
Météno
Mimiqui
Bébécaille
Tokopisco
Engloutyran
Lunala
Larveyette
Pyrax
Couafarel
Amagara
Volcanion
Ténèfix
Otaria
Arakdo
Limonde
Crapustule
Krakos
Dofin
Tag-Tag
Chacripan
Fulguris
Dialga
 
Statistiques - réponses
Réponse % Correct
Chelours
88%
Lunala
88%
Archéduc
81%
Bacabouh
81%
Flamiaou
81%
Lougaroc
81%
Sucreine
81%
Bourrinos
75%
Crabagarre
75%
Engloutyran
75%
Météno
75%
Bébécaille
69%
Lucanon
69%
Malamandre
69%
Mimiqui
69%
Piclairon
69%
Floramantis
63%
Sovkipou
63%
Spododo
63%
Tokopisco
63%
Aucun quiz correspondant
Distribution des résultats
% des personnes avec chaque résultat
Percentile par nombre de réponses
Votre historique - résultats
Vous n’avez pas pris ce quiz depuis la dernière actualisation